000
003110000a22001330004500
003
MACL
040
_a
MACL
090
_c
2501
_d
2501
100
_a
Satyanarayana N R
245
_a
A Manual Of Computerization In Libraries
260
_b
Wishwa Prakashan
_c
1995
650
_a
Information Science
942
_c
BOOK
_k
020
999
_c
2482
_d
2482